000 00626nam a2200265Ia 4500
005 20260306164057.0
008 008 260114s9999 xx 000 0 eng d
020 _a9780823288922
037 _aEBOOK
040 _aCRL
040 _beng
040 _cCRL
041 _2eng
041 _aeng
084 _qCRL
100 _aHénaff
_91129949
245 4 _aThe Philosophers' Gift: Reexamining Reciprocity
260 _bFordham University Press
260 _c2020
650 _aPhilosophy
856 _uhttps://academic.oup.com/book/30771
942 _cEBOOK
999 _c1712655
_d1712655